000
00336nam a2200133Ia 4500
008
240624s9999 xx 000 0 und d
041
_a
eng
082
_a
004.6 COM
100
_a
COMER DOUGLAS E
245
_a
NETWORK SYSTEM DESIGN USING NETWORK PROC
260
_c
2004
_a
New Delhi
_b
Pearson Education
300
_a
xix, : 515
365
_c
RS
999
_c
868
_d
868